Compendio de mercadeo de productos agropecuarios /
Guardado en:
| Autor Principal: | |
|---|---|
| Formato: | Libro |
| Publicado: |
San José, Costa Rica :
Iica,
1991.
|
| Edición: | 2ª ed. revisada y aumentada ; 1ª reimpr. |
| Series: | Col. Libros y Materiales Educativos ; Nº82
|
| Materias: | |
| Etiquetas: |
Agregar Etiqueta
Sin Etiquetas, Sea el primero en etiquetar este registro!
|
| LEADER | 01165nam a22002175a 4500 | ||
|---|---|---|---|
| 001 | CEM.cems018030 | ||
| 005 | 20130614171117.0 | ||
| 008 | 130507s1991##################000#0#####d | ||
| 003 | CEMS | ||
| 020 | |a 9290391308 | ||
| 082 | 0 | 4 | |a 380.141 |
| 100 | 1 | |a Mendoza, Gilberto | |
| 245 | 1 | 0 | |a Compendio de mercadeo de productos agropecuarios / |c Gilberto Mendoza. |
| 250 | |a 2ª ed. revisada y aumentada ; 1ª reimpr. | ||
| 260 | |a San José, Costa Rica : |b Iica, |c 1991. | ||
| 300 | |a 343 p. | ||
| 490 | 0 | |a Col. Libros y Materiales Educativos ; Nº82 | |
| 505 | 0 | |a Mercadeo, comercialización y mercado -- La comercializacion como un sistema -- Enfoques para el análisis del mercadeo agropecuario -- Conceptos bàsicos aplicados al mercadeo -- La comercialización y el desarrollo -- Funciones de la comercialización -- Análisis institucional del mercadeo -- Organización de mercados -- Tipología de la organización para el mercadeo -- Elementos de análisis para proyectos de comercialización -- Casos de comercialización | |
| 653 | |a Productos agrícolas - mercadeo | ||
| 653 | |a Economía agropecuaria | ||
| 859 | |a CEMS |b BIB. CEMS - Agricultura |h 380.141 |i M523 |p A1879.13 |t Ej.1 | ||
